| 000 -LEADER |
| fixed length control field |
00810nam a22001817a 4500 |
| 005 - DATE AND TIME OF LATEST TRANSACTION |
| control field |
20251208092039.0 |
| 008 - FIXED-LENGTH DATA ELEMENTS--GENERAL INFORMATION |
| fixed length control field |
240828b ||||| |||| 00| 0 eng d |
| 040 ## - CATALOGING SOURCE |
| Transcribing agency |
SSBUL |
| 082 ## - DEWEY DECIMAL CLASSIFICATION NUMBER |
| Edition number |
23 |
| Classification number |
၂၉၄.၃၄၃၇ လယ် |
| Item number |
၉၃၁၉ S-SAT |
| 100 0# - MAIN ENTRY--PERSONAL NAME |
| Personal name |
လယ်တီဆရာတော် |
| 245 1# - TITLE STATEMENT |
| Title |
မဟာသရဏဂုမ်တော်ကြီး / |
| Statement of responsibility, etc. |
လယ်တီဆရာတော်။ |
| 250 ## - EDITION STATEMENT |
| Edition statement |
တတိယအကြိမ်။ |
| 260 ## - PUBLICATION, DISTRIBUTION, ETC. |
| Place of publication, distribution, etc. |
ရန်ကုန် ၊ |
| Name of publisher, distributor, etc. |
နေလင်းပိဋကတ်ပုံနှိပ်တိုက်၊ |
| Date of publication, distribution, etc. |
၁၉၈၂။ |
| 300 ## - PHYSICAL DESCRIPTION |
| Extent |
၁၄၄ စာမျက်နှာ ၊ |
| Dimensions |
၁၈ စင်တီ။ |
| 500 ## - GENERAL NOTE |
| General note |
S-SAT: Dr. Sai Aung Tun |
| 650 ## - SUBJECT ADDED ENTRY--TOPICAL TERM |
| Topical term or geographic name entry element |
ဗုဒ္ဓဘာသာ |
| General subdivision |
မန္တန် |
| 9 (RLIN) |
50640 |
| 942 ## - ADDED ENTRY ELEMENTS (KOHA) |
| Source of classification or shelving scheme |
|
| Koha item type |
Book (Short term) |